000 00432nam a2200169 a 4500
999 _c7448
_d7448
082 _a526.9HUS
100 1 _aHusain, S.K.
245 1 0 _aTextbook of Surveying
250 _a5th ed.
260 _aNew Delhi
_bS Chand & Co Ltd,
_c1987.
300 _a661 p.
650 _aSurveying
700 1 _aMagarat, M.S.
700 1 _aNagaraj, M.S.
856 4 0 _uhttp://www.amazon.com/exec/obidos/ASIN/8121904234/chopaconline-20
942 _cBK